14 novelas claves de la literatura ecuatoriana

Guardat en:
Dades bibliogràfiques
Autor principal: Sacoto, Antonio (Autor)
Format: Llibre
Idioma:espanyol
Publicat: Cuenca Universidad de Cuenca 1992
Matèries:
Etiquetes: Afegir etiqueta
Sense etiquetes, Sigues el primer a etiquetar aquest registre!

MARC

LEADER 00000nam a2200000 a 4500
001 UCX6184
003 CL-VaPUC
008 930428e19920000EC |||||||||||||||||spa|d
082 0 4 |a Ec863.09  |b SAC  |2 21 
100 0 |a Sacoto, Antonio  |e author  |9 322603 
245 1 0 |a 14 novelas claves de la literatura ecuatoriana 
300 |a 432 p 
942 |c BK 
945 |d 19930428 00:00:00 
260 |a Cuenca  |b Universidad de Cuenca  |c 1992 
650 7 |a NOVELA ECUATORIANA HISTORIA Y CRITICA  |2 CL-VaPUC  |9 322604 
583 |a last modification  |c 19930428 00:00:00  |k Rodrigo Vera 
999 |c 226256  |d 226254 
952 |0 0  |1 0  |4 0  |6 EC_863_090000000000000_SAC_1992  |7 0  |8 A  |9 224489  |a BIBEDU  |b BIBEDU  |d 2019-11-15  |i 2932393  |o Ec863.09 SAC 1992  |p 2932393  |r 2019-11-15  |w 2019-11-15  |y BK  |k LIT